Machine tools handbook : (Record no. 60874)
[ view plain ]
| 000 -LEADER | |
|---|---|
| fixed length control field | 00777nam a22002057a 4500 |
| 003 - CONTROL NUMBER IDENTIFIER | |
| control field | NUST-PNEC |
| 005 - DATE AND TIME OF LATEST TRANSACTION | |
| control field | 20170116180709.0 |
| 008 - FIXED-LENGTH DATA ELEMENTS--GENERAL INFORMATION | |
| fixed length control field | 141001b xxu||||| |||| 00| 0 eng d |
| 020 ## - INTERNATIONAL STANDARD BOOK NUMBER | |
| International Standard Book Number | 0070617392 |
| 040 ## - CATALOGING SOURCE | |
| Transcribing agency | PNEC |
| 082 ## - DEWEY DECIMAL CLASSIFICATION NUMBER | |
| Classification number | 621.902 JOS |
| 100 ## - MAIN ENTRY--PERSONAL NAME | |
| 9 (RLIN) | 481 |
| Personal name | Joshi P H |
| 245 ## - TITLE STATEMENT | |
| Title | Machine tools handbook : |
| Remainder of title | design and operation |
| Statement of responsibility, etc. | P H Joshi |
| 260 ## - PUBLICATION, DISTRIBUTION, ETC. | |
| Place of publication, distribution, etc. | New Delhi |
| Name of publisher, distributor, etc. | Tata McGraw-Hill |
| Date of publication, distribution, etc. | c. 2007 |
| 300 ## - PHYSICAL DESCRIPTION | |
| Extent | xiv, 732 p. : |
| Other physical details | ill. ; |
| Dimensions | 25 cm. |
| 500 ## - GENERAL NOTE | |
| General note | http://www.amazon.com/Machine-Tools-Handbook-McGraw-Hill-Handbooks/dp/0070617392/ref=sr_1_1?s=books&ie=UTF8&qid=1412165721&sr=1-1&keywords=0070617392 |
| 500 ## - GENERAL NOTE | |
| General note | https://www.worldcat.org/title/machine-tools-handbook-design-and-operation/oclc/214221203&referer=brief_results |
| 650 ## - SUBJECT ADDED ENTRY--TOPICAL TERM | |
| General subdivision | ME |
| 942 ## - ADDED ENTRY ELEMENTS (KOHA) | |
| Source of classification or shelving scheme | |
| Koha item type | Book |
| Withdrawn status | Lost status | Source of classification or shelving scheme | Damaged status | Not for loan | Permanent Location | Current Location | Shelving location | Date acquired | Source of acquisition | Cost, normal purchase price | Total Checkouts | Full call number | Barcode | Date last seen | Cost, replacement price | Price effective from | Koha item type |
|---|---|---|---|---|---|---|---|---|---|---|---|---|---|---|---|---|---|
| Pakistan Navy Engineering College (PNEC) | Pakistan Navy Engineering College (PNEC) | Reference | 06/17/2010 | Progressive International Agency | 1474.94 | 621.902 JOS | PNECLIB-029493 | 10/01/2014 | 1474.94 | 06/17/2010 | Book | ||||||
| Pakistan Navy Engineering College (PNEC) | Pakistan Navy Engineering College (PNEC) | Reference | 05/09/2011 | Royal Book Company | 12249.60 | 621.902 JOS | PNECLIB-030139 | 10/01/2014 | 12249.60 | 05/09/2011 | Book |
